Win the Argentine Presidential Election - Statistics

General Stats
  • This quiz has been taken 224 times
  • The average score is 60 of 91
Answers on the Map
Answers color-coded by a green-red scale on the quiz's map according to % correct below.
 
Answer Stats
Province % Correct
Buenos Aires
98%
Buenos Aires
98%
Buenos Aires
98%
Buenos Aires
98%
Buenos Aires
98%
Buenos Aires
98%
Buenos Aires
98%
Buenos Aires
98%
Buenos Aires
98%
Buenos Aires
98%
Buenos Aires
98%
Buenos Aires
98%
Buenos Aires
98%
Buenos Aires
98%
Buenos Aires
98%
Buenos Aires
98%
Buenos Aires
98%
Buenos Aires
98%
Buenos Aires
98%
Buenos Aires
98%
Buenos Aires
98%
Buenos Aires
98%
Buenos Aires
98%
Buenos Aires
98%
Buenos Aires
98%
Buenos Aires
98%
Buenos Aires
98%
Buenos Aires
98%
Buenos Aires
98%
Buenos Aires
98%
Buenos Aires
98%
Buenos Aires
98%
Buenos Aires
98%
Buenos Aires
98%
Buenos Aires
98%
Ciudad de Buenos Aires
97%
Ciudad de Buenos Aires
97%
Ciudad de Buenos Aires
97%
Ciudad de Buenos Aires
97%
Ciudad de Buenos Aires
97%
Ciudad de Buenos Aires
97%
Córdoba
68%
Córdoba
68%
Córdoba
68%
Córdoba
68%
Córdoba
68%
Córdoba
68%
Córdoba
68%
Córdoba
68%
Mendoza
46%
Mendoza
46%
Mendoza
46%
Mendoza
46%
Jujuy
43%
Jujuy
43%
Santa Fe
43%
Santa Fe
43%
Santa Fe
43%
Santa Fe
43%
Santa Fe
43%
Santa Fe
43%
Santa Fe
43%
Salta
42%
Salta
42%
Salta
42%
Tucumán
37%
Tucumán
37%
Tucumán
37%
Corrientes
33%
Corrientes
33%
Formosa
32%
Chaco
30%
Chaco
30%
Entre Ríos
30%
Entre Ríos
30%
Entre Ríos
30%
La Pampa
30%
Misiones
30%
Misiones
30%
Tierra del Fuego
30%
Chubut
28%
Rio Negro
24%
Neuquén
23%
San Luis
23%
Santa Cruz
22%
Santiago del Estero
22%
Santiago del Estero
22%
La Rioja
20%
San Juan
19%
San Juan
19%
Catamarca
16%
No matching quizzes found
Score Distribution
Percent of People with Each Score
Percentile by Number Answered
Your Score History
You have not taken this quiz